| 000 | 00514nam a2200169 a 4500 | ||
|---|---|---|---|
| 005 | 20140310183503.0 | ||
| 008 | 100922s19uu xx 00 eng d | ||
| 020 | _a9771908679001 | ||
| 050 |
_aRM 301.12 _b.N974 2007 |
||
| 245 |
_aPPD's nursing drug guide : _bfor nursing students and professional nurses / |
||
| 260 |
_aPhilippines : _bMalan Press, _c2007. |
||
| 300 |
_a718 p. : _bill. col. ; _c20 cm. |
||
| 521 | _aNUR | ||
| 650 |
_aDrugs _xHandbooks, manuals, etc. |
||
| 942 |
_cBK _2lcc _kLOC |
||
| 999 |
_c23980 _d23980 |
||